00687nam a2200217 4500003000400000005001700004008004100021020001500062040001800077050001300095100002500108245013700133264003700270300001800307336002200325337002400347338002400371650003200395700001500427700002700442OSt20260601193842.0260421b1980 sp a|||| |||| 00| 0 spa d a842520951X aICIbspacICI aT20bC75 1aCross, Nigel,eautor 1aDiseñando el futuro :bTextos de la open university /cNigel cross, David elliott, robin roy ; version castellana de Cristina holm 1bGustavo Gili,c1980aBarcelona : a166 páginas atexto2rdacontent asin medio2rdamedia avolumen2rdacarrier 0aPredicciones tecnológicas aRoy, Robin 1aElliott, David,d1943-